Every Epic Rap Battle of History Contestant - Statistics

General Stats
  • This quiz has been taken 7 times
  • The average score is 41 of 207
Answer Stats
Contestant % Correct
Adolf Hitler
80%
Barack Obama
80%
Darth Vader
80%
George Washington
80%
Bill
60%
Donald Trump
60%
Indiana Jones
60%
Jim Henson
60%
Joe Biden
60%
John Wick
60%
Joseph Stalin
60%
Kamala Harris
60%
Kanye West
60%
Lara Croft
60%
Mitt Romney
60%
Napoleon Bonaparte
60%
Stan Lee
60%
Stevie Wonder
60%
Wonder Women
60%
Abraham Lincoln
40%
Adam
40%
Alexander the Great
40%
Batman
40%
Bruce Lee
40%
Catherine the Great
40%
Charlemagne
40%
Eastern Philosophers
40%
Ebenezer Scrooge
40%
Eve
40%
George R. R. Martin
40%
Ghostbusters
40%
Godzilla
40%
Henry Ford
40%
Hillary Clinton
40%
Ivan the Terrible
40%
John Lennon
40%
John McClane
40%
John Rambo
40%
Karl Marx
40%
Kim Jong Il
40%
King Kong
40%
Martin Luther King Jr.
40%
Master Chief
40%
Mikhail Gorbachev
40%
Napoleon Dynamite
40%
Nice Peter
40%
Rasputin
40%
Red Baron
40%
Superman
40%
Teenage Mutant Ninja Turtles
40%
Theodore Roosevelt
40%
The White Death
40%
Thomas Jefferson
40%
Tony Hawk
40%
Vladimir Lenin
40%
Vladimir Putin
40%
Walt Disney
40%
Walter White
40%
Wayne Gretzky
40%
Western Philosophers
40%
William Wallace
40%
Albert Einstein
20%
Alfred Hitchcock
20%
Ash Ketchum
20%
Babe Ruth
20%
Benjamin Franklin
20%
Bill Gates
20%
Bill Nye
20%
Bill O'Reilly
20%
Boba Fett
20%
Charles Darwin
20%
Che Guevara
20%
Chuck Norris
20%
Deadpool
20%
Doctor Watson
20%
Easter Bunny
20%
Elon Musk
20%
Elvis Presley
20%
Freddy Krueger
20%
Fredrick Douglass
20%
Fredrick the Great
20%
Goku
20%
Guy Fawkes
20%
Hulk
20%
Hulk Hogan
20%
Jack the Ripper
20%
Jeff Bezos
20%
J.P. Morgan
20%
J. R. R. Tolkien
20%
Lady Gaga
20%
Leonidas
20%
Luigi
20%
Luke Skywalker
20%
Mahatma Gandhi
20%
Mansa Musa
20%
Mario
20%
Mark Zuckerburg
20%
Michael Bay
20%
Micheal Jackson
20%
Moses
20%
Mythbuster
20%
Neil deGrasse Tyson
20%
Orville Wright
20%
Pennywise
20%
Quentin Tarantino
20%
Randy Savage
20%
Renaissance Artists
20%
Richard the Lionheart
20%
Robin
20%
Santa Claus
20%
Sarah Palin
20%
Sherlock Holmes
20%
Stanley Kubrick
20%
Stephen Hawking
20%
Stephen King
20%
Steve Jobs
20%
Steven Spielberg
20%
The Joker
20%
Wilbur Wright
20%
Winston Churchill
20%
Wolverine
20%
Al Capone
0%
Austin Powers
0%
Bill Cosby
0%
Billy Mays
0%
Blackbeard
0%
Bob Ross
0%
Bonnie
0%
Bruce Banner
0%
Bruce Jenner
0%
B-Team
0%
Caitlyn Jenner
0%
Captain Kirk
0%
Cat in the Hat
0%
Christopher Columbus
0%
Cleopatra
0%
Clint Eastwood
0%
Clyde
0%
Count Dracula
0%
David Copperfield
0%
Doc Brown
0%
Doctor Who
0%
Dr. Seuss
0%
Dumbledore
0%
Edgar Allen Poe
0%
Ellen DeGeneres
0%
Epic Llyod
0%
Frank Sinatra
0%
Freddie Mercury
0%
Gandalf
0%
Genghis Khan
0%
George Carlin
0%
Gordan Ramsey
0%
Hal 9000
0%
Hannibal Lector
0%
Harry Houdini
0%
Harry Potter
0%
Issac Newton
0%
Jacques Cousteau
0%
James Bond
0%
Joan of Arc
0%
Joan Rivers
0%
J. Robert Oppenheimer
0%
Julia Child
0%
Juliet
0%
Julius Caesar
0%
Justin Bieber
0%
Lance Armstrong
0%
Ludwig von Beethoven
0%
Marilyn Monroe
0%
Meriwether Lewis
0%
Micheal Jordan
0%
Miley Cyrus
0%
Mother Teresa
0%
Mozart
0%
Mr. Rodgers
0%
Mr. T
0%
Muhammad Ali
0%
Nikola Tesla
0%
Oprah Winfrey
0%
Pablo Picasso
0%
Pompey the Great
0%
Ragnar Lodbrok
0%
Richard Pryor
0%
Rick Grimes
0%
Robin Williams
0%
Robocop
0%
Romeo
0%
Ronald McDonald
0%
Shaka Zulu
0%
Sigmund Freud
0%
Skrillex
0%
Stay Puft Marshmallow Man
0%
Steve Irwin
0%
Ted
0%
Thanos
0%
The Ghost of Christmas Yet to Come
0%
The Terminator
0%
Thing 1
0%
Thing 2
0%
Thomas Edison
0%
Thor
0%
Vince Offer
0%
Vlad the Impaler
0%
William Clark
0%
WIlliam Sheakspeare
0%
Zeus
0%
No matching quizzes found
Score Distribution
Percent of People with Each Score
Percentile by Number Answered
Your Score History
You have not taken this quiz